000 00591nam a2200217 i 4500
001 15146
003 ES-MaACL
005 20230906151012.0
007 t|
008 991227s1988 sp ||||1| spa d
020 _a84-7517-238-5
080 _a821.134.2-14"19"
100 1 _aMunárriz, Jesús.
_984170
245 1 0 _aCamino de la voz /
_cJesús Munárriz.
260 _aMadrid :
_bHiperión,
_c1988.
300 _a57 p. ;
_c20 cm.
490 1 _aPoesía Hiperión ;
_v25
830 0 _aPoesía Hiperión ;
_v25
_9177326
852 _aES-MaACL
_jL-22290
_bR.127709
999 _c15146
_d15146